| 000 | 00355nam a2200109Ia 4500 | ||
|---|---|---|---|
| 008 | 171211s9999 xx 000 0 und d | ||
| 245 | _aShadow Banking in China: An Opportunity for Financial Reform | ||
| 245 | _cAndrew Sheng and Ng Chow Soon | ||
| 260 | _c2016 | ||
| 650 | _xFamily and Friendship | ||
| 856 | _uhttp://down.ebook777.com/035/9781119266327.pdf | ||
| 999 |
_c350241 _d350241 |
||